Statistics for Australian Cricketers Today

Click here to take the quiz!

General Stats

  • This quiz has been taken 217 times
    (180 since last reset)
  • The average score is 13 of 30

Answer Stats

Answer % Correct
Steve Smith
99%
David Warner
98%
Mitchell Starc
92%
Pat Cummins
78%
Nathan Lyon
76%
Aaron Finch
72%
Josh Hazlewood
67%
Shaun Marsh
61%
Mitchell Marsh
61%
Matthew Wade
61%
Glenn Maxwell
60%
Tim Paine
59%
Usman Khawaja
57%
Travis Head
52%
Adam Zampa
50%
Peter Handscomb
42%
Marcus Stoinis
36%
Jhye Richardson
33%
Matthew Renshaw
31%
Chris Lynn
25%
James Faulkner
19%
Billy Stanlake
17%
Andrew Tye
17%
Steve O'Keefe
15%
Moises Henriques
12%
Ashton Turner
10%
Hilton Cartwright
10%
Michael Klinger
7%
Ben Dunk
7%
Sam Heazlett
2%

Score Distribution

Percentile by Number Answered

Percent of People with Each Score

Your Score History

You have not taken this quiz since the last reset